Top 8 Hackers on Roblox - Statistics

General Stats
  • This quiz has been taken 95 times
  • The average score is 3 of 8
Answer Stats
Hint Answer % Correct
His Avatar full red that has text "Team C00lkidd join now!" Coolkid/C00lkidd
88%
A 2017 hacker that make fun of Islam that hacker Meepcity and ohters Tubers93
66%
Hacker that hack bad PPL and bullying guests Guest 666
51%
Hacker that only hack some boys to force *nl*N* D*T*r Jenna
45%
A new Hacker that hacker TTD3 and Spray paint DirectorVivian
17%
Hacker that hacked an item Called 2017 Bunny Ears Lucky maxer
17%
Hacker that steal Kreekcraft's Pet in Pet Simulator X Muqgq
3%
Hacker that hacked Natural Disaster Survival 1×1×1×1
2%
No matching quizzes found
Score Distribution
Percent of People with Each Score
Percentile by Number Answered
Your Score History
You have not taken this quiz